[Event "Praia do Morro Guarapari op"]
[White "Silva, Lucas Teixeira"]
[Black "Osorio, Jose Eustaquio Hate"]
[Site "Praia do Morro"]
[Round "5"]
[Result "0-1"]
[Date "2017.04.16"]
[WhiteElo "1773"]
[BlackElo "1840"]
[PlyCount "146"]
[EventDate "2017.04.14"]
[EventType "swiss"]
[EventRounds "6"]
[EventCountry "BRA"]
[SourceTitle "CBM 177 Extra"]
[Source "ChessBase"]
[SourceDate "2017.04.27"]
[SourceVersion "1"]
[SourceVersionDate "2017.04.27"]
[SourceQuality "1"]

1. e4 c5 2. Nf3 d6 3. Bb5+ Nd7 4. c4 Ngf6 5. Nc3 a6 6. Ba4 e6 7. 0-0 Be7 8. d4 cxd4 9. Nxd4 0-0 10. Bc2 Qc7 11. b3 Nb8 12. Bb2 Nc6 13. Nxc6 bxc6 14. Re1 e5 15. Qd2 Be6 16. h3 h6 17. Rad1 Rfd8 18. Qe2 a5 19. Qe3 Rab8 20. Ba3 Ne8 21. c5 Bg5 22. Qe2 Bf6 23. cxd6 Nxd6 24. Rd3 Nb5 25. Rxd8+ Rxd8 26. Nxb5 cxb5 27. Bd3 b4 28. Bb2 Bg5 29. Rd1 Kf8 30. f3 Bf4 31. Bb1 Rxd1+ 32. Qxd1 Qb6+ 33. Kh1 Qc7 34. Qd3 Ke7 35. Qc2 Qb6 36. Bc1 Bg3 37. Qe2 Qc7 38. Be3 g5 39. Bd3 Qc3 40. Qd1 Bd7 41. Qc2 Qe1+ 42. Bg1 Bf4 43. Qc5+ Kf6 44. Qd6+ Be6 45. Qc5 Bxh3 46. gxh3 Qg3 47. Qf2 Qxh3+ 48. Bh2 Bxh2 49. Qxh2 Qxf3+ 50. Kg1 Qxd3 51. Qxh6+ Ke7 52. Qxg5+ f6 53. Qg7+ Ke8 54. Qg8+ Kd7 55. Qf7+ Kc8 56. Qf8+ Qd8 57. Qc5+ Qc7 58. Qf8+ Kb7 59. Qxf6 Qc1+ 60. Kh2 Qc2+ 61. Kg3 Qxe4 62. Qf3 Qc6 63. Qxc6+ Kxc6 64. Kf3 Kd5 65. Ke3 e4 66. Ke2 Kd4 67. Kd2 e3+ 68. Kc2 Ke4 69. Kd1 Kd3 70. Ke1 e2 71. a4 bxa3 72. b4 axb4 73. Kf2 Kd2 0-1

[Event "Votoria Cup 2nd"]
[White "Sztokbant, Bernardo Vainzoff"]
[Black "Osorio, Jose Eustaquio Hate"]
[Site "Vitoria"]
[Round "4"]
[Result "1-0"]
[Date "2014.03.22"]
[WhiteElo "2239"]
[BlackElo "1930"]
[PlyCount "29"]
[EventDate "2014.03.20"]
[EventType "swiss"]
[EventRounds "7"]
[EventCountry "BRA"]
[SourceTitle "CBM 159 Extra"]
[Source "ChessBase"]
[SourceDate "2014.04.24"]
[SourceVersion "1"]
[SourceVersionDate "2014.04.24"]
[SourceQuality "1"]

1. e4 c5 2. Nf3 d6 3. d4 cxd4 4. Nxd4 Nf6 5. Nc3 a6 6. Be2 e6 7. 0-0 Be7 8. f4 0-0 9. Kh1 Nc6 10. Be3 Qc7 11. a4 b6 12. e5 Nxd4 13. exf6 Bxf6 14. Bxd4 e5 15. Nd5 1-0

[Event "Vitoria CEAX 3rd"]
[White "Osorio, Jose Eustaquio Hate"]
[Black "Stein, Adriano Baldo"]
[Site "Vitoria"]
[Round "2.3"]
[Result "1-0"]
[Date "2013.08.10"]
[WhiteElo "1926"]
[BlackElo "1937"]
[PlyCount "76"]
[EventDate "2013.08.10"]
[EventType "swiss"]
[EventRounds "5"]
[EventCountry "BRA"]
[SourceTitle "EXT 2022"]
[Source "ChessBase"]
[SourceDate "2021.10.06"]
[SourceVersion "1"]
[SourceVersionDate "2021.10.06"]
[SourceQuality "1"]

1. e4 e6 2. d3 d5 3. Nd2 Nc6 4. Ngf3 g6 5. e5 Bg7 6. d4 Nge7 7. Nb3 b6 8. Bg5 0-0 9. Bb5 Bb7 10. 0-0 f6 11. exf6 Bxf6 12. Re1 Qd6 13. Qe2 Bxg5 14. Nxg5 Rf6 15. Nxe6 Nf5 16. Bxc6 Qxc6 17. Ng5 Raf8 18. Nf3 a5 19. c3 Bc8 20. Ne5 Qd6 21. Nd2 Ng7 22. Ndf3 c6 23. Rad1 Bf5 24. Qe3 Be4 25. Re2 Nf5 26. Qg5 h6 27. Qg4 Kh7 28. Rde1 h5 29. Qg5 Nh6 30. Nh4 Nf7 31. Nxf7 R8xf7 32. f3 Bf5 33. Re5 b5 34. Nxf5 Rxf5 35. Rxf5 Rxf5 36. Qe7+ Qxe7 37. Rxe7+ Kh6 38. Rc7 b4 1-0

[Event "Cachoeiro CEAX op 5th"]
[White "Osorio, Jose Eustaquio Hate"]
[Black "Bonfim, Hudson Soares Do"]
[Site "Cachoeiro"]
[Round "4.2"]
[Result "1/2-1/2"]
[Date "2012.08.12"]
[WhiteElo "1928"]
[BlackElo "1918"]
[PlyCount "100"]
[EventDate "2012.08.11"]
[EventType "swiss"]
[EventRounds "5"]
[EventCountry "BRA"]
[SourceTitle "EXT 2022"]
[Source "ChessBase"]
[SourceDate "2021.10.06"]
[SourceVersion "1"]
[SourceVersionDate "2021.10.06"]
[SourceQuality "1"]

1. e4 d6 2. d4 c5 3. dxc5 Qa5+ 4. Nc3 Qxc5 5. Qd5 e6 6. Qxc5 dxc5 7. Nb5 Na6 8. Bf4 Nf6 9. f3 Be7 10. Nd6+ Bxd6 11. Bxd6 Nb4 12. 0-0-0 b6 13. a3 Nc6 14. Bb5 Bd7 15. Ne2 Nd8 16. Bxd7+ Nxd7 17. Rd2 Nb7 18. Rhd1 Nxd6 19. Rxd6 Rd8 20. Nc3 a6 21. Na4 Ke7 22. Nxb6 Ne5 23. Rxd8 Rxd8 24. Rxd8 Kxd8 25. Kd2 Kc7 26. Na4 Nd7 27. Kd3 Kc6 28. c4 Ne5+ 29. Kc3 a5 30. b3 g5 31. Kd2 h5 32. Ke3 f6 33. Nb2 Kd6 34. g3 Nc6 35. f4 Nd4 36. e5+ Ke7 37. Nd3 Nxb3 38. h3 g4 39. hxg4 hxg4 40. exf6+ Kxf6 41. Nf2 Kf5 42. Ne4 a4 43. Nc3 Nd4 44. Kd3 e5 45. fxe5 Kxe5 46. Nxa4 Nf5 47. Nxc5 Nxg3 48. Ke3 Nf5+ 49. Kf2 g3+ 50. Kf3 Kd4 1/2-1/2

[Event "Cachoeiro CEAX op 5th"]
[White "Osorio, Jose Eustaquio Hate"]
[Black "Stein, Adriano Baldo"]
[Site "Cachoeiro"]
[Round "5.2"]
[Result "1-0"]
[Date "2012.08.12"]
[WhiteElo "1928"]
[BlackElo "1920"]
[PlyCount "92"]
[EventDate "2012.08.11"]
[EventType "swiss"]
[EventRounds "5"]
[EventCountry "BRA"]
[SourceTitle "EXT 2022"]
[Source "ChessBase"]
[SourceDate "2021.10.06"]
[SourceVersion "1"]
[SourceVersionDate "2021.10.06"]
[SourceQuality "1"]

1. e4 e5 2. Nf3 Nc6 3. Bb5 Nf6 4. d3 d6 5. c3 Bd7 6. 0-0 Be7 7. h3 0-0 8. Be3 h6 9. Nbd2 Nh7 10. Re1 f5 11. Bc4+ Kh8 12. exf5 Bxf5 13. Nf1 Ng5 14. Nxg5 Bxg5 15. Ng3 Bd7 16. Bd5 Bxe3 17. Rxe3 Ne7 18. Bf3 Nf5 19. Nxf5 Bxf5 20. b4 Rb8 21. a4 Qg5 22. Be4 Be6 23. Rg3 Qf6 24. Rf3 Qh4 25. Rg3 d5 26. Bf3 Qf6 27. Qd2 Rbd8 28. Bg4 d4 29. c4 Rde8 30. Rf3 Qg6 31. Rxf8+ Rxf8 32. Bxe6 Qxe6 33. Re1 Qf5 34. Re4 g5 35. Qe2 Re8 36. Rxd4 exd4 37. Qxe8+ Kg7 38. Qe7+ Kg6 39. Qe8+ Kg7 40. Qe4 Qxe4 41. dxe4 Kf6 42. Kf1 Ke5 43. f3 h5 44. Ke2 h4 45. a5 b6 46. Kd3 a6 1-0

[Event "Estadual-ch"]
[White "Silva, Luiz Carlos Dutra"]
[Black "Osorio, Jose Eustaquio Hate"]
[Site "Vitoria"]
[Round "5.6"]
[Result "1-0"]
[Date "2011.10.09"]
[WhiteElo "1872"]
[BlackElo "1951"]
[PlyCount "63"]
[EventDate "2011.10.08"]
[EventType "swiss"]
[EventRounds "5"]
[EventCountry "BRA"]
[SourceTitle "EXT 2022"]
[Source "ChessBase"]
[SourceDate "2021.10.06"]
[SourceVersion "1"]
[SourceVersionDate "2021.10.06"]
[SourceQuality "1"]

1. e4 c5 2. f4 d5 3. exd5 Nf6 4. Bb5+ Bd7 5. a4 Bxb5 6. axb5 Nxd5 7. Qf3 Nb4 8. Kd1 Qd7 9. Nc3 e6 10. Nge2 Be7 11. Qh5 0-0 12. g4 g6 13. Qe5 Qd6 14. Qxd6 Bxd6 15. Ne4 Be7 16. d3 Nd7 17. Be3 Nd5 18. Kd2 Rfe8 19. h4 N7f6 20. Nf2 Nb6 21. b3 Nbd5 22. g5 Nxe3 23. Kxe3 Nd5+ 24. Kd2 Bd6 25. Ne4 Be7 26. h5 Rad8 27. hxg6 fxg6 28. Rh3 Rf8 29. Rah1 Rd7 30. Nxc5 Bxc5 31. Rf3 Nb4 32. Kc3 1-0

[Event "Estadual-ch"]
[White "Osorio, Jose Eustaquio Hate"]
[Black "Abelha, Mozart Rosa"]
[Site "Vitoria"]
[Round "2.5"]
[Result "1/2-1/2"]
[Date "2011.10.08"]
[WhiteElo "1951"]
[BlackElo "2018"]
[PlyCount "45"]
[EventDate "2011.10.08"]
[EventType "swiss"]
[EventRounds "5"]
[EventCountry "BRA"]
[SourceTitle "EXT 2022"]
[Source "ChessBase"]
[SourceDate "2021.10.06"]
[SourceVersion "1"]
[SourceVersionDate "2021.10.06"]
[SourceQuality "1"]

1. e4 c5 2. Nf3 Nc6 3. d4 cxd4 4. Nxd4 g6 5. Nc3 Bg7 6. Nce2 e6 7. g3 Nge7 8. Bg2 a6 9. 0-0 b5 10. a3 0-0 11. h3 f5 12. Rb1 Bb7 13. Bg5 h6 14. Bf4 Ne5 15. b3 fxe4 16. Bxe4 g5 17. Bxb7 Ra7 18. Be4 N5c6 19. Nxc6 Nxc6 20. Bxc6 dxc6 21. Qxd8 Rxd8 22. Be3 Rad7 23. Rbd1 1/2-1/2

[Event "Guarapari CEAX 4th"]
[White "Osorio, Jose Eustaquio Hate"]
[Black "Melo Reda, Caique"]
[Site "Guarapari"]
[Round "1.6"]
[Result "0-1"]
[Date "2011.07.16"]
[WhiteElo "1951"]
[BlackElo "1862"]
[PlyCount "72"]
[EventDate "2011.07.16"]
[EventType "swiss"]
[EventRounds "5"]
[EventCountry "BRA"]
[SourceTitle "EXT 2022"]
[Source "ChessBase"]
[SourceDate "2021.10.06"]
[SourceVersion "1"]
[SourceVersionDate "2021.10.06"]
[SourceQuality "1"]

1. e4 e6 2. d3 d5 3. Nd2 Nf6 4. Ngf3 b6 5. c3 Bb7 6. e5 Nfd7 7. d4 c5 8. Bd3 Nc6 9. 0-0 Be7 10. Re1 a6 11. Nf1 b5 12. Be3 Qb6 13. Bc2 b4 14. Qd2 cxd4 15. cxd4 b3 16. Bxb3 Bb4 17. Qe2 Bxe1 18. Rxe1 a5 19. Ng3 a4 20. Bd1 Ne7 21. Nh4 0-0 22. Nh5 Ng6 23. Qg4 Qb4 24. Re2 Ndxe5 25. Qg3 Nc4 26. Bf4 Rac8 27. b3 axb3 28. axb3 Nb2 29. Be5 Rc1 30. f4 Rxd1+ 31. Kf2 Nd3+ 32. Ke3 Ndxe5 33. Nf3 Nxf3 34. Kxf3 Rd3+ 35. Re3 Rxe3+ 36. Kxe3 Qc3+ 0-1

[Event "Santa Maria de Jetiba CEAX 2nd"]
[White "Brito, Gabriela Aguiar"]
[Black "Osorio, Jose Eustaquio Hate"]
[Site "Santa Maria de Jetiba"]
[Round "4.2"]
[Result "1-0"]
[Date "2011.04.17"]
[WhiteElo "1845"]
[BlackElo "1958"]
[PlyCount "58"]
[EventDate "2011.04.16"]
[EventType "swiss"]
[EventRounds "5"]
[EventCountry "BRA"]
[SourceTitle "EXT 2022"]
[Source "ChessBase"]
[SourceDate "2021.10.06"]
[SourceVersion "1"]
[SourceVersionDate "2021.10.06"]
[SourceQuality "1"]

1. e4 d6 2. d4 g6 3. Nf3 Bg7 4. Nc3 c6 5. Be3 Nf6 6. Qd2 h5 7. 0-0-0 b5 8. e5 b4 9. Na4 Nd5 10. Bc4 Qa5 11. Bxd5 cxd5 12. b3 Bg4 13. exd6 exd6 14. Bf4 Bxf3 15. gxf3 0-0 16. Bxd6 Rc8 17. Qxb4 Qxb4 18. Bxb4 Na6 19. Bd6 Rc6 20. Ba3 Rac8 21. c3 Re6 22. Rd3 Bf8 23. Bxf8 Kxf8 24. Kd2 Ke7 25. Rc1 Rf6 26. Re1+ Kd6 27. Ree3 Rc7 28. Nb2 Rf5 29. Re8 Re5 1-0

[Event "Vila Velha CEAX 1st"]
[White "Osorio, Jose Eustaquio Hate"]
[Black "Mariano, Rodrigo Gomes"]
[Site "Vila Velha"]
[Round "5.4"]
[Result "1-0"]
[Date "2011.02.27"]
[WhiteElo "1958"]
[BlackElo "1947"]
[PlyCount "47"]
[EventDate "2011.02.26"]
[EventType "swiss"]
[EventRounds "5"]
[EventCountry "BRA"]
[SourceTitle "EXT 2022"]
[Source "ChessBase"]
[SourceDate "2021.10.06"]
[SourceVersion "1"]
[SourceVersionDate "2021.10.06"]
[SourceQuality "1"]

1. e4 e6 2. d3 d5 3. Nd2 Nf6 4. Ngf3 b6 5. e5 Nfd7 6. d4 c5 7. c3 Nc6 8. Bb5 Bb7 9. 0-0 Be7 10. Re1 0-0 11. Nf1 c4 12. Ba4 a6 13. h3 b5 14. Bc2 b4 15. N1h2 a5 16. Ng4 a4 17. cxb4 Bxb4 18. Re3 Qa5 19. Ng5 g6 20. h4 h5 21. Nh6+ Kg7 22. Rg3 Kxh6 23. Nxe6+ Kh7 24. Qxh5+ 1-0

[Event "Vila Velha CEAX 1st"]
[White "Silva, Luiz Carlos Dutra"]
[Black "Osorio, Jose Eustaquio Hate"]
[Site "Vila Velha"]
[Round "2.6"]
[Result "1-0"]
[Date "2011.02.26"]
[WhiteElo "1847"]
[BlackElo "1958"]
[PlyCount "50"]
[EventDate "2011.02.26"]
[EventType "swiss"]
[EventRounds "5"]
[EventCountry "BRA"]
[SourceTitle "EXT 2022"]
[Source "ChessBase"]
[SourceDate "2021.10.06"]
[SourceVersion "1"]
[SourceVersionDate "2021.10.06"]
[SourceQuality "1"]

1. e4 c5 2. Nf3 d6 3. Bc4 e6 4. d4 cxd4 5. Nxd4 Nf6 6. Nc3 a6 7. 0-0 Be7 8. Kh1 0-0 9. f4 Nc6 10. Nf3 Na5 11. Bd3 b5 12. Qe2 Bb7 13. e5 Ne8 14. Ne4 d5 15. Neg5 h6 16. Nh7 Rc8 17. Nxf8 Kxf8 18. Nd4 Bc5 19. c3 Bxd4 20. cxd4 Qb6 21. Bd2 Nc4 22. Bb4+ Kg8 23. Bc5 Qd8 24. f5 Qg5 25. fxe6 fxe6 1-0

[Event "Vitoria Espirito Santo 3rd"]
[White "Osorio, Jose Eustaquio Hate"]
[Black "Brito, Yuri Gabriel Aguiar"]
[Site "Vitoria"]
[Round "4.2"]
[Result "0-1"]
[Date "2010.06.13"]
[WhiteElo "1963"]
[BlackElo "1834"]
[PlyCount "101"]
[EventDate "2010.06.12"]
[EventType "swiss"]
[EventRounds "5"]
[EventCountry "BRA"]
[SourceTitle "EXT 2022"]
[Source "ChessBase"]
[SourceDate "2021.10.06"]
[SourceVersion "1"]
[SourceVersionDate "2021.10.06"]
[SourceQuality "1"]

1. e4 e5 2. Nf3 Nc6 3. Bb5 Bc5 4. 0-0 d6 5. c3 Bg4 6. d3 h6 7. h3 Bh5 8. g4 Bg6 9. d4 Bb6 10. d5 a6 11. Ba4 Bxe4 12. dxc6 Bxc6 13. Bxc6+ bxc6 14. Be3 Rb8 15. Bxb6 Rxb6 16. b4 h5 17. Nh2 Qh4 18. Qf3 hxg4 19. Qxg4 Qxh3 20. Qxh3 Rxh3 21. f3 Nf6 22. Kg2 Rh6 23. Nd2 Nd5 24. Rfc1 Nf4+ 25. Kh1 Rb5 26. Nb3 Rd5 27. Rd1 Rb5 28. a4 Rb6 29. Ra2 c5 30. a5 Rb5 31. Ra4 c6 32. Nd2 Ne2 33. c4 Rxb4 34. Rxb4 cxb4 35. Kg2 Nf4+ 36. Kh1 f5 37. Nb3 c5 38. Kg1 Ne2+ 39. Kh1 Ke7 40. Kg2 Nf4+ 41. Kg1 Ne2+ 42. Kh1 Rh4 43. Re1 Nd4 44. Nd2 Nc6 45. Ra1 Rd4 46. Ra2 Rd3 47. Nhf1 Nd4 48. Kg2 Ke6 49. Kf2 Ra3 50. Rxa3 bxa3 51. Nb3 0-1

[Event "Vitoria Espirito Santo 3rd"]
[White "Laranjeira Nunes, Jose Benigno"]
[Black "Osorio, Jose Eustaquio Hate"]
[Site "Vitoria"]
[Round "1.7"]
[Result "0-1"]
[Date "2010.06.12"]
[WhiteElo "1815"]
[BlackElo "1963"]
[PlyCount "71"]
[EventDate "2010.06.12"]
[EventType "swiss"]
[EventRounds "5"]
[EventCountry "BRA"]
[SourceTitle "EXT 2022"]
[Source "ChessBase"]
[SourceDate "2021.10.06"]
[SourceVersion "1"]
[SourceVersionDate "2021.10.06"]
[SourceQuality "1"]

1. d4 Nf6 2. c4 d6 3. Nc3 g6 4. e4 Bg7 5. Nf3 0-0 6. Be2 Na6 7. h3 Qe8 8. e5 dxe5 9. dxe5 Nd7 10. e6 fxe6 11. 0-0 c6 12. Ng5 Nf6 13. Re1 h6 14. Nf3 g5 15. Ne5 Nc5 16. Qc2 a5 17. Bd3 Nxd3 18. Qxd3 Nh5 19. g3 Rb8 20. b3 b5 21. Bb2 bxc4 22. Qxc4 Bxe5 23. Rxe5 Qf7 24. Ne4 Rb4 25. Qe2 Ba6 26. Qe3 Ng7 27. Nxg5 Qf6 28. Bc3 Nf5 29. Qe1 Qxg5 30. Rxa5 Rh4 31. Qxe6+ Kh7 32. Re1 Bc8 33. Qe5 Rxh3 34. Qc7 Rf7 35. Rxf5 Bxf5 36. Qd8 0-1

[Event "Santa Maria Espiritossantense"]
[White "Cunha e Silva, Carlos Alberto V"]
[Black "Osorio, Jose Eustaquio Hate"]
[Site "Santa Maria de Jetiba"]
[Round "6.2"]
[Result "1-0"]
[Date "2009.10.11"]
[WhiteElo "1974"]
[BlackElo "1986"]
[PlyCount "119"]
[EventDate "2009.10.09"]
[EventType "swiss"]
[EventRounds "6"]
[EventCountry "BRA"]
[SourceTitle "EXT 2022"]
[Source "ChessBase"]
[SourceDate "2021.10.06"]
[SourceVersion "1"]
[SourceVersionDate "2021.10.06"]
[SourceQuality "1"]

1. e4 c5 2. Nf3 d6 3. d4 cxd4 4. Nxd4 Nf6 5. Nc3 a6 6. Be2 e6 7. 0-0 Be7 8. Be3 0-0 9. a4 Nc6 10. f4 Qc7 11. Bf3 Rb8 12. Kh1 Re8 13. g4 Nxd4 14. Bxd4 e5 15. Be3 Be6 16. f5 Bc4 17. Rg1 b5 18. g5 b4 19. gxf6 Bxf6 20. Nd5 Bxd5 21. exd5 e4 22. Bd4 Qe7 23. Re1 Bxd4 24. Qxd4 e3 25. Rg1 f6 26. Rae1 Rbc8 27. Rg2 Rc7 28. Bh5 Qe4 29. Qxf6 Qxg2+ 30. Kxg2 Rxc2+ 31. Kg1 gxf6 32. Bxe8 e2 33. b3 Rd2 34. Bc6 Kg7 35. Kf2 Rd3 36. Rxe2 Rxb3 37. Re7+ Kh6 38. Ra7 Rb2+ 39. Kg3 Kg5 40. Rxa6 Rb3+ 41. Kf2 Rb2+ 42. Ke3 Kxf5 43. Rb6 b3 44. Kd3 Rxh2 45. a5 Ra2 46. a6 b2 47. Kc2 h5 48. Kb1 Ra5 49. Kxb2 h4 50. Kc3 Ke4 51. Bb7 h3 52. Rxd6 Kf5 53. Re6 h2 54. Re1 Ra3+ 55. Kb4 Ra2 56. d6 Rb2+ 57. Kc3 Ra2 58. d7 Ra3+ 59. Kc4 Ra4+ 60. Kc5 1-0